[Event "Cutro op-B 15th"]
[Site "Cutro"]
[Date "2009.04.20"]
[Round "1"]
[White "Familari, Giuseppe"]
[Black "Virelli, Salvatore"]
[Result "1-0"]
[WhiteElo "1861"]
[BlackElo "1467"]
[PlyCount "61"]
[EventDate "2009.04.20"]
[EventType "swiss"]
[EventRounds "7"]
[EventCountry "ITA"]
[SourceTitle "EXT 2011"]
[Source "ChessBase"]
[SourceDate "2010.11.26"]
[SourceVersion "1"]
[SourceVersionDate "2010.11.26"]
[SourceQuality "1"]

1. e4 c5 2. d4 cxd4 3. c3 e5 4. cxd4 exd4 5. Nf3 Nc6 6. Bc4 Be7 7. 0-0 d6 8. Nxd4 Nf6 9. Nc3 Bd7 10. Bf4 0-0 11. Ndb5 Ne5 12. Bb3 Bxb5 13. Nxb5 a6 14. Nc3 b5 15. Qe2 Nc6 16. Rfd1 Qc7 17. Rac1 Rad8 18. Nd5 Qb7 19. Rxc6 Nxd5 20. Bxd5 Qa7 21. Rdc1 h6 22. Rc7 Qd4 23. Rxe7 Qf6 24. Rcc7 Qxf4 25. Qf3 Qd2 26. h4 Kh8 27. Rxf7 Qxb2 28. Rxf8+ Rxf8 29. Qxf8+ Kh7 30. Qf5+ Kh8 31. Rc8# 1-0

[Event "Cutro op-B 14th"]
[Site "Cutro"]
[Date "2008.04.28"]
[Round "4"]
[White "Macri, Pasquale"]
[Black "Virelli, Salvatore"]
[Result "1/2-1/2"]
[WhiteElo "1431"]
[BlackElo "1509"]
[PlyCount "55"]
[EventDate "2008.04.25"]
[EventType "swiss"]
[EventRounds "7"]
[EventCountry "ITA"]
[SourceTitle "EXT 2009"]
[Source "ChessBase"]
[SourceDate "2008.11.26"]
[SourceVersion "1"]
[SourceVersionDate "2008.11.26"]
[SourceQuality "1"]

1. e4 c5 2. Nf3 d6 3. d4 cxd4 4. Nxd4 Nf6 5. Nc3 e6 6. Qd3 Be7 7. Be2 0-0 8. Qg3 Re8 9. Bh6 Bf8 10. Bg5 Be7 11. 0-0-0 a6 12. f4 b5 13. e5 b4 14. exf6 bxc3 15. fxe7 cxb2+ 16. Kxb2 Qb6+ 17. Nb3 Bd7 18. Bf6 g6 19. f5 exf5 20. Rxd6 Qc7 21. Rhd1 Ra7 22. Qe5 Nc6 23. Rxc6 Qxe5+ 24. Bxe5 Bxc6 25. Rd8 Raxe7 26. Rxe8+ Rxe8 27. Nd4 Rxe5 28. Bxa6 1/2-1/2

[Event "Cutro op-B 13th"]
[Site "Cutro"]
[Date "2007.04.25"]
[Round "3"]
[White "Calomeni, Francesca"]
[Black "Virelli, Salvatore"]
[Result "0-1"]
[WhiteElo "1356"]
[BlackElo "1524"]
[PlyCount "74"]
[EventDate "2007.04.23"]
[EventType "swiss"]
[EventRounds "9"]
[EventCountry "ITA"]
[SourceTitle "EXT 2008"]
[Source "ChessBase"]
[SourceDate "2007.11.25"]
[SourceVersion "1"]
[SourceVersionDate "2007.11.25"]
[SourceQuality "1"]

1. e4 c5 2. Nf3 d6 3. Nc3 Nc6 4. d4 cxd4 5. Nxd4 Nf6 6. Nxc6 bxc6 7. e5 Ng4 8. Ne4 Qa5+ 9. Bd2 Qxe5 10. Bd3 Nxh2 11. Qe2 Ng4 12. 0-0-0 a5 13. Rde1 a4 14. Bc3 Qe6 15. f3 Ne5 16. Ng5 Nxd3+ 17. cxd3 Qxe2 18. Rxe2 h6 19. Ne4 e6 20. Bb4 d5 21. Nd6+ Bxd6 22. Bxd6 Kd7 23. Ba3 Ba6 24. Re3 f6 25. d4 Bc4 26. Kb1 Rae8 27. f4 g5 28. fxg5 hxg5 29. Rf1 Bxf1 30. Rf3 Bxg2 31. Rxf6 Be4+ 32. Kc1 Rh7 33. Kd2 g4 34. Ke2 Rg8 35. Ke3 g3 36. Kf4 g2 37. Ke5 Rh5+ 0-1

[Event "Cutro op-B 12th"]
[Site "Cutro"]
[Date "2006.04.27"]
[Round "5"]
[White "Virelli, Salvatore"]
[Black "Salvo, Vincenzo"]
[Result "0-1"]
[WhiteElo "1539"]
[BlackElo "1721"]
[PlyCount "74"]
[EventDate "2006.04.23"]
[EventType "swiss"]
[EventRounds "9"]
[EventCountry "ITA"]
[SourceTitle "EXT 2007"]
[Source "ChessBase"]
[SourceDate "2006.11.23"]
[SourceVersion "1"]
[SourceVersionDate "2006.11.23"]
[SourceQuality "1"]

1. Nf3 Nc6 2. g3 e5 3. d3 Nf6 4. Bg2 Be7 5. 0-0 d6 6. b3 Bg4 7. Nbd2 Qd7 8. Bb2 Bh3 9. e3 0-0 10. Re1 Rfe8 11. a3 h6 12. b4 b5 13. c4 a6 14. e4 Nh7 15. d4 Bg4 16. Qc2 Bf6 17. Nb3 Bxf3 18. Bxf3 Ng5 19. Bg2 exd4 20. Rac1 d3 21. Qd2 Bxb2 22. Qxb2 bxc4 23. Rxc4 Ne5 24. Qc3 Ngf3+ 25. Bxf3 Nxf3+ 26. Kg2 Nxe1+ 27. Qxe1 d5 28. Nc5 Qb5 29. Rc3 dxe4 30. Nxe4 f5 31. Rc5 Qb7 32. Qc3 Qxe4+ 33. Kh3 Qe2 34. Rxc7 Qf1+ 35. Kh4 g5+ 36. Kh5 Qh3+ 37. Kg6 Re6+ 0-1

[Event "Cutro op-B 12th"]
[Site "Cutro"]
[Date "2006.04.23"]
[Round "1"]
[White "Virelli, Salvatore"]
[Black "Ielapi, Vito"]
[Result "0-1"]
[WhiteElo "1539"]
[BlackElo "1953"]
[PlyCount "100"]
[EventDate "2006.04.23"]
[EventType "swiss"]
[EventRounds "9"]
[EventCountry "ITA"]
[SourceTitle "EXT 2007"]
[Source "ChessBase"]
[SourceDate "2006.11.23"]
[SourceVersion "1"]
[SourceVersionDate "2006.11.23"]
[SourceQuality "1"]

1. e4 c6 2. d4 d5 3. Nc3 dxe4 4. Nxe4 Nd7 5. Nf3 Ngf6 6. Bd3 Nxe4 7. Bxe4 Nf6 8. Bd3 Bg4 9. c3 e6 10. 0-0 Be7 11. Bg5 0-0 12. Bxf6 Bxf6 13. Be2 Qc7 14. Re1 Rad8 15. Nd2 Bf5 16. h3 Rd7 17. Nb3 b6 18. Bd3 Bxd3 19. Qxd3 c5 20. Qe4 Rfd8 21. Rad1 cxd4 22. cxd4 Qc4 23. Rc1 Qa4 24. d5 Qxe4 25. Rxe4 Rxd5 26. Rc2 g6 27. g3 Kf8 28. Ree2 h5 29. Nd2 Be7 30. Kg2 Rc5 31. Ne4 Rxc2 32. Rxc2 f5 33. Nd2 Rd7 34. Nf3 Bf6 35. b3 e5 36. Rd2 Ke7 37. Rxd7+ Kxd7 38. Kf1 Kc6 39. Ke2 Kc5 40. a3 e4 41. Nd2 Kd4 42. Nb1 Be7 43. Kd2 a5 44. Nc3 Bg5+ 45. Kc2 h4 46. Ne2+ Ke5 47. Nc3 Be7 48. a4 Bc5 49. Nd1 Bxf2 50. Nxf2 hxg3 0-1

[Event "Crotone Province-ch"]
[Site "Cutro"]
[Date "2006.02.04"]
[Round "2"]
[White "Olivo, Paolo"]
[Black "Virelli, Salvatore"]
[Result "1/2-1/2"]
[WhiteElo "1604"]
[BlackElo "1545"]
[PlyCount "45"]
[EventDate "2006.02.03"]
[EventType "swiss"]
[EventRounds "5"]
[EventCountry "ITA"]
[SourceTitle "EXT 2024"]
[Source "ChessBase"]
[SourceDate "2023.10.10"]
[SourceVersion "1"]
[SourceVersionDate "2023.10.10"]
[SourceQuality "1"]

1. e4 c5 2. Nf3 d6 3. d4 cxd4 4. Nxd4 Nf6 5. Nc3 e6 6. Bg5 Be7 7. f4 h6 8. Bh4 e5 9. Ndb5 a6 10. Bxf6 gxf6 11. Nxd6+ Qxd6 12. Qxd6 Bxd6 13. f5 Bb4 14. a3 Bxc3+ 15. bxc3 b5 16. c4 bxc4 17. Bxc4 Rg8 18. 0-0 Nd7 19. Rad1 Bb7 20. Bd5 Bxd5 21. exd5 Rc8 22. Rc1 Rc3 23. Rf3 1/2-1/2

[Event "Cutro op-B 11th"]
[Site "Cutro"]
[Date "2005.04.28"]
[Round "5"]
[White "Di Mauro, Sebastiano"]
[Black "Virelli, Salvatore"]
[Result "1-0"]
[WhiteElo "1799"]
[BlackElo "1497"]
[PlyCount "63"]
[EventDate "2005.04.23"]
[EventType "swiss"]
[EventRounds "5"]
[EventCountry "ITA"]
[SourceTitle "CBM 106 Extra"]
[Source "ChessBase"]
[SourceDate "2005.07.01"]
[SourceVersion "1"]
[SourceVersionDate "2005.07.01"]
[SourceQuality "1"]

1. e4 c5 2. Nc3 d6 3. g3 Nf6 4. Bg2 Bg4 5. Nge2 Nc6 6. h3 Bh5 7. d3 e6 8. Bg5 Be7 9. Qd2 Bxe2 10. Bxf6 Bxf6 11. Qxe2 Nd4 12. Qd2 0-0 13. 0-0 Bg5 14. f4 Bh6 15. Ne2 Nc6 16. g4 g6 17. c3 e5 18. g5 Bg7 19. f5 Re8 20. Ng3 b5 21. Rf2 b4 22. Raf1 bxc3 23. bxc3 a5 24. h4 Qb6 25. h5 Reb8 26. hxg6 fxg6 27. Bh3 Ra7 28. fxg6 Rf8 29. Be6+ Kh8 30. Rxf8+ Bxf8 31. Rxf8+ Kg7 32. Rg8# 1-0

[Event "Cutro op-B 11th"]
[Site "Cutro"]
[Date "2005.04.27"]
[Round "4"]
[White "Virelli, Salvatore"]
[Black "Guzzo, Giovanni"]
[Result "0-1"]
[WhiteElo "1497"]
[BlackElo "1777"]
[PlyCount "56"]
[EventDate "2005.04.23"]
[EventType "swiss"]
[EventRounds "5"]
[EventCountry "ITA"]
[SourceTitle "CBM 106 Extra"]
[Source "ChessBase"]
[SourceDate "2005.07.01"]
[SourceVersion "1"]
[SourceVersionDate "2005.07.01"]
[SourceQuality "1"]

1. e4 e5 2. Nf3 Nc6 3. d4 exd4 4. Bc4 Qf6 5. 0-0 Bc5 6. Re1 Ne5 7. Nbd2 Ne7 8. Nxe5 Qxe5 9. Nf3 Qf6 10. Ng5 0-0 11. e5 Qb6 12. Qh5 Qg6 13. Qf3 h6 14. Ne4 Bb6 15. Bd3 Qc6 16. b3 f5 17. exf6 d5 18. Qg3 Nf5 19. Qg6 dxe4 20. Bc4+ Be6 21. Bxe6+ Qxe6 22. Ba3 Rxf6 23. Qg4 Re8 24. f3 e3 25. Re2 Qe5 26. Rd1 Qb5 27. Kf1 c5 28. Bb2 a5 0-1

[Event "Cutro op-B 10th"]
[Site "Cutro"]
[Date "2004.04.28"]
[Round "4"]
[White "Virelli, Salvatore"]
[Black "Procopio, Giuseppe"]
[Result "0-1"]
[WhiteElo "1440"]
[BlackElo "1559"]
[PlyCount "64"]
[EventDate "2004.04.25"]
[EventType "swiss"]
[EventRounds "7"]
[EventCountry "ITA"]
[SourceTitle "EXT 2023"]
[Source "ChessBase"]
[SourceDate "2022.10.05"]
[SourceVersion "1"]
[SourceVersionDate "2022.10.05"]
[SourceQuality "1"]

1. e4 c5 2. Nf3 d5 3. d4 cxd4 4. Nxd4 Nf6 5. Nc3 Nc6 6. Bb5 Bd7 7. Bg5 e6 8. f4 Be7 9. Qd2 a6 10. Bxf6 Bxf6 11. Nxc6 bxc6 12. Ba4 Qa5 13. Bb3 Be7 14. 0-0-0 0-0 15. Nxd5 Qxd2+ 16. Rxd2 cxd5 17. exd5 exd5 18. Bxd5 Rab8 19. Kb1 a5 20. Re1 Bf6 21. b3 Bc3 22. Rde2 Bxe1 23. Rxe1 a4 24. h3 a3 25. g4 Rfe8 26. Rd1 Re3 27. Rh1 Rbe8 28. Rc1 Re1 29. c4 h5 30. f5 hxg4 31. hxg4 R8e2 32. Rxe1 Rxe1+ 0-1